| 000 | 00528nam a2200193 4500 | ||
|---|---|---|---|
| 003 | OSt | ||
| 005 | 20170405152944.0 | ||
| 008 | 170405b xxu||||| |||| 00| 0 eng d | ||
| 020 | _a9781451108781 | ||
| 040 | _c040a | ||
| 082 |
_aWY 49 _bH232i 2010 |
||
| 245 | _aHandbook for Brunner&Suddarth's textbook of medical surgical nursing / | ||
| 250 | _a12th.ed. | ||
| 260 |
_aPhiladelphia _bWolters Kluwer _c2010 |
||
| 300 |
_ax, 725p; _c8 cm. |
||
| 504 | _aIncludes index | ||
| 650 |
_aSurgical nursing _96069 |
||
| 942 |
_2z _cO_SHELF |
||
| 999 |
_c5814 _d5814 |
||